Tin học ứng dụng quản lý công việc

Αποθηκεύτηκε σε:
Λεπτομέρειες βιβλιογραφικής εγγραφής
Κύριος συγγραφέας: Adams, Bob
Μορφή: Βιβλίο
Γλώσσα:Undetermined
Έκδοση: Hà Nội Thống kê 2004
Θέματα:
Ετικέτες: Προσθήκη ετικέτας
Δεν υπάρχουν, Καταχωρήστε ετικέτα πρώτοι!
Thư viện lưu trữ: Trung tâm Học liệu Trường Đại học Cần Thơ
LEADER 00479nam a2200181Ia 4500
001 CTU_96142
008 210402s9999 xx 000 0 und d
020 |c 48000 
082 |a 658.1 
082 |b A211 
100 |a Adams, Bob 
245 0 |a Tin học ứng dụng quản lý công việc 
245 0 |c Bob Adams 
260 |a Hà Nội 
260 |b Thống kê 
260 |c 2004 
650 |a Management 
980 |a Trung tâm Học liệu Trường Đại học Cần Thơ